Código del medio ambiente: actualizado, concordado y comentado
Saved in:
| Format: | Bog |
|---|---|
| Sprog: | spansk |
| Udgivet: |
Lima
Sociedad Peruana de Derecho Ambiental
1992
|
| Udgivelse: | 1a. ed |
| Fag: | |
| Tags: |
Tilføj Tag
Ingen Tags, Vær først til at tagge denne postø!
|
MARC
| LEADER | 00000nam a2200000 a 4500 | ||
|---|---|---|---|
| 001 | UCK7509 | ||
| 003 | CL-VaPUC | ||
| 008 | 051125e19920000PE |||||||||||||||||spa|d | ||
| 082 | 0 | 4 | |a 344.85046 |b COD |2 21 |
| 245 | 1 | 0 | |a Código del medio ambiente: actualizado, concordado y comentado |
| 250 | |a 1a. ed | ||
| 300 | |a 145 p | ||
| 942 | |c BK | ||
| 945 | |d 20051125 00:00:00 |a cmena | ||
| 260 | |a Lima |b Sociedad Peruana de Derecho Ambiental |c 1992 | ||
| 650 | 0 | |a Derecho ambiental |9 257835 | |
| 650 | 0 | |a Recursos naturales |9 255232 | |
| 650 | 0 | |a Jurisprudencia |9 255952 | |
| 650 | 0 | |a Derecho internacional |9 255637 | |
| 650 | 7 | |a RESPONSABILIDAD CIVIL |2 CL-VaPUC |9 497023 | |
| 650 | 0 | |a Contaminación ambiental |9 314181 | |
| 650 | 0 | |a Protección del medio ambiente |9 257626 | |
| 651 | 0 | |a Perú |9 256567 | |
| 583 | |a last modification |c 20051125 00:00:00 |k Rodrigo Vera | ||
| 999 | |c 315416 |d 315414 | ||
| 952 | |0 0 |1 0 |4 0 |6 344_850460000000000_COD_1992 |7 0 |8 A |9 388627 |a BIBDER |b BIBDER |d 2019-11-22 |i 4129415 |o 344.85046 COD 1992 |p 4129415 |r 2023-01-25 |w 2019-11-22 |y BK |k DER | ||